|
|
|
|
| LEADER |
01030nta a2200229 i 4500 |
| 001 |
dokt2033 |
| 005 |
20200326111559.0 |
| 008 |
140120s2014 hu om 0|| hun d |
| 024 |
7 |
|
|a 10.14232/phd.2033
|2 doi
|
| 024 |
7 |
|
|a 2764141
|2 mtmt
|
| 040 |
|
|
|a SZTE Doktori Repozitórium
|b hun
|
| 041 |
|
|
|a hun
|
| 100 |
1 |
|
|a Tessényi Judit
|
| 245 |
1 |
0 |
|a Játékszenvedély gazdaság-pszichológiai megközelítésben
|h [elektronikus dokumentum] /
|c Tessényi Judit
|
| 246 |
1 |
0 |
|a Problem gambling–a behavioral-economic approach
|h [elektronikus dokumentum]
|
| 260 |
|
|
|c 2014-02-13
|
| 502 |
|
|
|a Disszertacio
|
| 650 |
|
4 |
|a gazdálkodás- és szervezéstudományok
|
| 700 |
1 |
|
|a Hámori Balázs
|e ths
|
| 856 |
4 |
0 |
|u https://doktori.bibl.u-szeged.hu/id/eprint/2033/1/disszert%C3%A1ci%C3%B3_TJ_j%C3%A1t%C3%A9kszenved%C3%A9ly.pdf
|z Dokumentum-elérés
|
| 856 |
4 |
0 |
|u https://doktori.bibl.u-szeged.hu/id/eprint/2033/2/tezis-f%C3%BCzet_TJ.pdf
|z Dokumentum-elérés
|
| 856 |
4 |
0 |
|u https://doktori.bibl.u-szeged.hu/id/eprint/2033/3/theses_TJ.pdf
|z Dokumentum-elérés
|